| 000 | 00654nam a22001937a 4500 | ||
|---|---|---|---|
| 008 | 141111t mx||||| |||| 00| 0 spa d | ||
| 020 | _a9786077290148 | ||
| 050 | 0 | 4 |
_aKGF3003.P9 _bL84 2012 |
| 100 | 1 | _aLugo Garfías, María Elena | |
| 245 | 1 | 3 |
_aLa prevención y la sanción de la tortura / _cMaría Elena Lugo Garfías. |
| 250 | _a1a ed. | ||
| 260 |
_aMéxico : _bComisión Nacional de los Derechos Humanos México, _c2012 |
||
| 300 |
_a110 p. ; _c21 cm. |
||
| 490 | 0 | _aDe textos sobre Derechos Humanos | |
| 504 | _aBibliografía : p. 99 - 110 | ||
| 650 | 7 |
_2Lemb _aDerechos humanos _zMéxico |
|
| 650 | 7 |
_2Lemb _aTortura _zMéxico |
|
| 942 |
_2ddc _cLIB |
||
| 999 |
_c69270 _d69270 |
||